Online Catalogue and eLibrary

Chinthaka : (Record no. 1307)

MARC details
000 -LEADER
fixed length control field 00395nam a2200145Ia 4500
005 - DATE AND TIME OF LATEST TRANSACTION
control field 20250509033557.0
008 - FIXED-LENGTH DATA ELEMENTS--GENERAL INFORMATION
fixed length control field 240331s9999 xx 000 0 und d
082 ## - DDC Classification
Class No. 060.378
Item Number - Author Mark CHI
245 #0 - TITLE STATEMENT
Title Chinthaka :
Remainder of title Sri Lanka
260 ## - PUBLICATION, DISTRIBUTION, ETC.
Place of publication, distribution, etc. Kelaniya
Name of publisher, distributor, etc. Kealniya University
Date of publication, distribution, etc. 1994
300 ## - PHYSICAL DESCRIPTION
Extent (e.g. Volumes, Pages etc.) 138 p .,
500 ## - GENERAL NOTE
General note Kelaniya University students society annual report
700 ## - ADDED ENTRY--PERSONAL NAME
Personal name Soratha.
Relator term (Role) Editor
942 ## - Koha item type (Biblio)
Koha item type Books in Stacks (Lending)
Holdings
Lost status Damaged status Collection code Home library Current library Shelving location Date acquired Full call number Accession Number Item type
    Lending WERC Library WERC Library Social Science Cupboard 03/31/2024 060.378 CHI 3453 Books in Stacks (Lending)

© WERC Library